[Event "Futurity V"]
[Site "Montreal CAN"]
[Date "2004.01.04"]
[Round "3"]
[White "Bachand-Fleurent, Julien"]
[Black "Yudasin, Leonid"]
[Result "0-1"]
[WhiteElo "2095"]
[BlackElo "2586"]
[PlyCount "74"]
[EventDate "2003.12.26"]
[EventType "schev"]
[EventRounds "10"]
[EventCountry "CAN"]

1. e4 c5 2. Nc3 Nc6 3. g3 g6 4. Bg2 Bg7 5. d3 d6 6. Be3 Rb8 7. Qd2 b5 8. Nge2
Nd4 9. O-O h5 10. h3 Bxh3 11. Bxd4 cxd4 12. Bxh3 dxc3 13. bxc3 b4 14. d4 bxc3
15. Qxc3 e6 16. Rab1 Ne7 17. f4 O-O 18. Rb3 Qc8 19. Qd3 d5 20. Rfb1 dxe4 21.
Qxe4 Qc7 22. Rb7 Qd6 23. c4 Rxb7 24. Rxb7 Nc6 25. d5 Na5 26. Rb5 a6 27. c5 Qd8
28. Rb6 exd5 29. Qc2 Nc4 30. Rxa6 Qe7 31. c6 Rb8 32. Qd3 Rb2 33. c7 Qxc7 34. f5
Qc5+ 35. Kh1 Ne5 36. Qc3 Rb1+ 37. Kg2 Rg1+ 0-1

[Event "Futurity V"]
[Site "Montreal CAN"]
[Date "2003.12.28"]
[Round "3"]
[White "Masse, Hugues"]
[Black "Prahov, Valentin"]
[Result "0-1"]
[WhiteElo "2214"]
[BlackElo "2234"]
[PlyCount "108"]
[EventDate "2003.12.26"]
[EventType "schev"]
[EventRounds "10"]
[EventCountry "CAN"]

1. d4 Nf6 2. c4 g6 3. Nc3 d5 4. cxd5 Nxd5 5. e4 Nxc3 6. bxc3 c5 7. Bc4 Bg7 8.
Ne2 O-O 9. O-O cxd4 10. cxd4 Nc6 11. Be3 Bg4 12. f3 Na5 13. Bd3 Be6 14. d5 Bxa1
15. Qxa1 f6 16. Bh6 Re8 17. Kh1 a6 18. Nf4 Bf7 19. e5 Bxd5 20. Rd1 Bf7 21. e6
Bxe6 22. Nxe6 Qb6 23. Re1 Rac8 24. Qd1 Nc4 25. Be4 Nd6 26. Bd5 Nf7 27. Be3 Qb4
28. Bd4 b5 29. Qa1 Qd2 30. Bb3 Rc6 31. Be3 Qc3 32. Qd1 Rd6 33. Bd4 Qc6 34. Qa1
a5 35. Rc1 Qb7 36. a3 a4 37. Ba2 Rc8 38. Re1 b4 39. axb4 Qxb4 40. Rb1 Qd2 41.
Rd1 Qc2 42. Re1 Rdc6 43. Bxf6 exf6 44. Qxf6 Qc3 45. Qxc3 Rxc3 46. Ng5 Rc1 47.
Bxf7+ Kg7 48. Rg1 h6 49. Be6 Rxg1+ 50. Kxg1 Rc1+ 51. Kf2 hxg5 52. h3 Rc2+ 53.
Ke3 a3 54. Kd3 Rxg2 0-1

[Event "Futurity V"]
[Site "Montreal CAN"]
[Date "2003.12.29"]
[Round "4"]
[White "Bolduc, Steve"]
[Black "Charbonneau, Anne-Marie"]
[Result "1-0"]
[WhiteElo "2268"]
[BlackElo "2032"]
[PlyCount "99"]
[EventDate "2003.12.26"]
[EventType "schev"]
[EventRounds "10"]
[EventCountry "CAN"]

1. d4 Nf6 2. c4 e6 3. Nc3 d5 4. e3 b6 5. Bd3 Bb7 6. Nf3 Be7 7. O-O O-O 8. cxd5
exd5 9. Ne5 c5 10. Qe2 a6 11. b3 Nbd7 12. Nxd7 Qxd7 13. dxc5 bxc5 14. Bb2 Qc6
15. Qf3 Ne4 16. Rfd1 Bf6 17. Rac1 Qe6 18. Na4 Bxb2 19. Nxb2 Rac8 20. Bxe4 dxe4
21. Qf4 Bd5 22. Qg5 f5 23. h4 c4 24. bxc4 Bxc4 25. Nxc4 Rxc4 26. Rxc4 Qxc4 27.
Rd7 Qc3 28. g3 Qf6 29. Ra7 h6 30. Qf4 Qa1+ 31. Kg2 Qxa2 32. Qe5 Rf7 33. Ra8+
Rf8 34. Rxf8+ Kxf8 35. Qxf5+ Kg8 36. Qxe4 a5 37. Qc6 a4 38. e4 a3 39. e5 Qb2
40. e6 Qf6 41. h5 a2 42. Qa8+ Qf8 43. Qxa2 Qe8 44. Qd5 Kf8 45. Qd6+ Qe7 46.
Qb8+ Qe8 47. Qxe8+ Kxe8 48. f4 Ke7 49. f5 Kf6 50. Kf3 1-0

[Event "Futurity V"]
[Site "Montreal CAN"]
[Date "2003.12.29"]
[Round "4"]
[White "Livshits, Ron"]
[Black "Masse, Hugues"]
[Result "1/2-1/2"]
[WhiteElo "2462"]
[BlackElo "2214"]
[PlyCount "101"]
[EventDate "2003.12.26"]
[EventType "schev"]
[EventRounds "10"]
[EventCountry "CAN"]

1. d4 Nf6 2. c4 g6 3. Nc3 d5 4. cxd5 Nxd5 5. e4 Nxc3 6. bxc3 Bg7 7. Bc4 c5 8.
Ne2 O-O 9. O-O Nc6 10. Be3 Qc7 11. Rc1 Rd8 12. Qe1 Qa5 13. Rd1 cxd4 14. cxd4
Qxe1 15. Rfxe1 b6 16. Bb5 Bb7 17. d5 Nb4 18. Rd2 e6 19. a3 Ba6 20. Bxa6 Nxa6
21. dxe6 fxe6 22. Nd4 Nc5 23. f3 Rd6 24. Red1 Rad8 25. Kf1 Bf6 26. Ke2 Kf7 27.
Nb5 Rxd2+ 28. Rxd2 a6 29. Nd6+ Kf8 30. Nc4 Rxd2+ 31. Kxd2 Bd8 32. Bxc5+ bxc5
33. Ne5 Ke7 34. Nd3 Kd6 35. Kc3 Bf6+ 36. Kc4 Bd4 37. a4 Kc6 38. Nf4 Kd6 39. h3
Be3 40. Nd3 Bd4 41. Nc1 Be3 42. Nb3 Kc6 43. Kd3 Bg1 44. Na5+ Kc7 45. Nc4 Bd4
46. e5 Kc6 47. Ke4 Ba1 48. f4 Bc3 49. g4 Be1 50. Nd6 Bh4 51. Nc8 1/2-1/2

[Event "Futurity V"]
[Site "Montreal CAN"]
[Date "2003.12.29"]
[Round "4"]
[White "Prahov, Valentin"]
[Black "Bachand-Fleurent, Julien"]
[Result "1-0"]
[WhiteElo "2234"]
[BlackElo "2095"]
[PlyCount "87"]
[EventDate "2003.12.26"]
[EventType "schev"]
[EventRounds "10"]
[EventCountry "CAN"]

1. e4 e6 2. d4 d5 3. e5 c5 4. c3 Nc6 5. Nf3 Bd7 6. a3 f6 7. Bd3 fxe5 8. Nxe5
Nxe5 9. dxe5 g6 10. O-O Bg7 11. Qe2 Qc7 12. f4 Ne7 13. Be3 O-O-O 14. b4 c4 15.
Bc2 b6 16. a4 g5 17. a5 gxf4 18. axb6 axb6 19. Bxf4 Nc6 20. Re1 Rdf8 21. Bg3 h5
22. h3 h4 23. Bh2 b5 24. Qe3 d4 25. cxd4 Qb6 26. Be4 Nxb4 27. Qa3 Bc6 28. Bxc6
Nxc6 29. Kh1 Rd8 30. Nd2 Bf8 31. Qf3 Bb4 32. Red1 Rhf8 33. Qg4 Nxd4 34. Bg1 Rg8
35. Qe4 Qb7 36. Bxd4 Rxd4 37. Ra8+ Kc7 38. Qh7+ Rd7 39. Qxg8 c3 40. Ra2 cxd2
41. Rc2+ Kb6 42. Qxe6+ Ka7 43. Ra1+ Kb8 44. Qe8+ 1-0

[Event "Futurity V"]
[Site "Montreal CAN"]
[Date "2003.12.30"]
[Round "5"]
[White "Bachand-Fleurent, Julien"]
[Black "Livshits, Ron"]
[Result "0-1"]
[WhiteElo "2095"]
[BlackElo "2462"]
[PlyCount "58"]
[EventDate "2003.12.26"]
[EventType "schev"]
[EventRounds "10"]
[EventCountry "CAN"]

1. e4 c6 2. d4 d5 3. Nc3 dxe4 4. Nxe4 Nd7 5. Nf3 Ngf6 6. Nxf6+ Nxf6 7. h3 Bf5
8. Bd3 Bxd3 9. Qxd3 e6 10. Bf4 Be7 11. O-O-O O-O 12. Kb1 b5 13. g4 Nd5 14. Bg3
Nb4 15. Qc3 a5 16. Ne5 Ra6 17. f4 a4 18. h4 Qd5 19. a3 Qa2+ 20. Kc1 Nd5 21. Qd3
Qa1+ 22. Kd2 Qxb2 23. Ra1 b4 24. Qxa6 Qc3+ 25. Ke2 Qxg3 26. Qxc6 Qe3+ 27. Kf1
Qxf4+ 28. Kg2 Qxd4 29. Rae1 Bf6 0-1

[Event "Futurity V"]
[Site "Montreal CAN"]
[Date "2004.01.06"]
[Round "5"]
[White "Charbonneau, Anne-Marie"]
[Black "Yudasin, Leonid"]
[Result "0-1"]
[WhiteElo "2032"]
[BlackElo "2586"]
[PlyCount "82"]
[EventDate "2003.12.26"]
[EventType "schev"]
[EventRounds "10"]
[EventCountry "CAN"]

1. d4 Nf6 2. c4 e6 3. Nc3 Bb4 4. Qc2 O-O 5. a3 Bxc3+ 6. Qxc3 b6 7. Bg5 Ba6 8.
e3 d6 9. Nf3 Nbd7 10. Bd3 c5 11. d5 exd5 12. cxd5 Bxd3 13. Qxd3 Qe7 14. O-O
Rfe8 15. Rfd1 h6 16. Bh4 Nf8 17. Qf5 Qe4 18. Qxe4 Nxe4 19. Nd2 g5 20. Nxe4 Rxe4
21. Bg3 Rd8 22. Re1 f5 23. f3 Re7 24. e4 f4 25. Bf2 Ng6 26. Rac1 Ne5 27. Red1
Rg7 28. h3 h5 29. Kf1 Kf7 30. Ke2 Rh8 31. Rh1 Rhh7 32. g4 Rg8 33. b3 hxg4 34.
hxg4 Rgh8 35. Rxh7+ Rxh7 36. Bg1 Rh3 37. Rf1 Rg3 38. b4 Rg2+ 39. Bf2 c4 40. b5
Nd3 41. a4 Kf6 0-1

[Event "Futurity V"]
[Site "Montreal CAN"]
[Date "2003.12.30"]
[Round "5"]
[White "Hua, Lefong"]
[Black "Prahov, Valentin"]
[Result "1-0"]
[WhiteElo "2372"]
[BlackElo "2234"]
[PlyCount "63"]
[EventDate "2003.12.26"]
[EventType "schev"]
[EventRounds "10"]
[EventCountry "CAN"]

1. d4 Nf6 2. c4 g6 3. Nc3 d5 4. cxd5 Nxd5 5. e4 Nxc3 6. bxc3 c5 7. Nf3 Bg7 8.
Rb1 O-O 9. Be2 cxd4 10. cxd4 Qa5+ 11. Bd2 Qxa2 12. O-O b6 13. Bg5 Ba6 14. Bxa6
Qxa6 15. Bxe7 Re8 16. Bd6 Nc6 17. Rc1 Rac8 18. d5 Na5 19. Bc7 Qb5 20. d6 Qd7
21. Qd5 h6 22. e5 Re6 23. Bxb6 axb6 24. Rxc8+ Qxc8 25. d7 Qd8 26. Rc1 Nc6 27.
Rxc6 Rxc6 28. Qxc6 Kf8 29. Qd6+ Kg8 30. Qc6 Kf8 31. Nd4 Bxe5 32. Qc8 1-0

[Event "Futurity V"]
[Site "Montreal CAN"]
[Date "2003.12.30"]
[Round "5"]
[White "Masse, Hugues"]
[Black "Bolduc, Steve"]
[Result "1/2-1/2"]
[WhiteElo "2214"]
[BlackElo "2268"]
[PlyCount "48"]
[EventDate "2003.12.26"]
[EventType "schev"]
[EventRounds "10"]
[EventCountry "CAN"]

1. d4 f5 2. g3 Nf6 3. Bg2 g6 4. c4 Bg7 5. Nf3 O-O 6. O-O d6 7. Nc3 Nc6 8. d5
Na5 9. Qa4 c5 10. dxc6 bxc6 11. Nd4 Bd7 12. Nxc6 Nxc6 13. Bxc6 Bxc6 14. Qxc6
Rc8 15. Qa4 Qd7 16. Qxd7 Nxd7 17. Nd5 Kf7 18. Be3 Rxc4 19. Rac1 Rfc8 20. b3 Rc2
21. Nb4 R2c7 22. Nd5 Rc2 23. Nb4 R2c7 24. Nd5 Rc2 1/2-1/2

[Event "Futurity V"]
[Site "Montreal CAN"]
[Date "2004.01.02"]
[Round "6"]
[White "Bolduc, Steve"]
[Black "Bachand-Fleurent, Julien"]
[Result "1/2-1/2"]
[WhiteElo "2268"]
[BlackElo "2095"]
[PlyCount "108"]
[EventDate "2003.12.26"]
[EventType "schev"]
[EventRounds "10"]
[EventCountry "CAN"]

1. d4 d5 2. c4 c6 3. Nc3 e6 4. e4 dxe4 5. Nxe4 Bb4+ 6. Bd2 Qxd4 7. Bxb4 Qxe4+
8. Be2 Nd7 9. Qd2 c5 10. Bc3 Ne7 11. O-O-O O-O 12. Nf3 Ng6 13. g3 f6 14. Rhe1
Re8 15. Ng1 Nde5 16. f3 Qc6 17. f4 Nf7 18. Bf3 Qa6 19. b3 e5 20. h4 Qa3+ 21.
Qb2 Qxb2+ 22. Bxb2 Rb8 23. h5 Nf8 24. fxe5 fxe5 25. Rd5 Nd7 26. Red1 Re7 27.
Ba3 b6 28. b4 Nf6 29. bxc5 Rc7 30. Rd8+ Nxd8 31. Rxd8+ Kf7 32. c6 e4 33. Bd6
Rxc6 34. Bxb8 exf3 35. Nxf3 Rxc4+ 36. Kb2 Ke7 37. Rh8 Bf5 38. h6 gxh6 39. Bxa7
Rc2+ 40. Kb3 Rg2 41. Nd4 Rxg3+ 42. Kb4 Be4 43. Bxb6 Nd5+ 44. Kb5 Nxb6 45. Kxb6
Ra3 46. Nc6+ Kf7 47. Nd8+ Kf6 48. Rf8+ Ke5 49. Rf2 h5 50. Nf7+ Kd4 51. Nd6 Bd3
52. Rh2 Ra6+ 53. Kc7 Ra5 54. Kb6 Rd5 1/2-1/2

[Event "Futurity V"]
[Site "Montreal CAN"]
[Date "2004.01.02"]
[Round "6"]
[White "Livshits, Ron"]
[Black "Charbonneau, Anne-Marie"]
[Result "1-0"]
[WhiteElo "2462"]
[BlackElo "2032"]
[PlyCount "147"]
[EventDate "2003.12.26"]
[EventType "schev"]
[EventRounds "10"]
[EventCountry "CAN"]

1. e4 c5 2. Nf3 e6 3. d4 cxd4 4. Nxd4 Nf6 5. Nc3 d6 6. g4 h6 7. h4 Nc6 8. Rg1
d5 9. Bb5 Qc7 10. exd5 Nxd5 11. Nxd5 exd5 12. Qe2+ Be7 13. Be3 Bd7 14. O-O-O
O-O-O 15. Nxc6 bxc6 16. Ba6+ Kb8 17. Rd3 Bc8 18. Bxc8 Rxc8 19. Rgd1 Rhe8 20.
Qf3 Bd6 21. c4 Re4 22. Qxe4 dxe4 23. Rxd6 Qa5 24. Rd7 c5 25. Kb1 Ka8 26. Rxf7
Rd8 27. Rc1 Rb8 28. Rd7 Qb4 29. Rd2 a5 30. Ka1 Qb6 31. a3 Rd8 32. Bxc5 Qc7 33.
Bd4 Qc8 34. c5 Qxg4 35. c6 Qc8 36. Rc5 Qa6 37. c7 Rc8 38. Be5 Kb7 39. Rdd5 Qf1+
40. Ka2 Qxf2 41. Rxa5 Rxc7 42. Rab5+ Kc8 43. Bxc7 Kxc7 44. Rbc5+ Kb6 45. Rc3
Qf7 46. Rb3+ Kc6 47. Rd4 e3 48. Re4 g5 49. hxg5 hxg5 50. Rexe3 g4 51. a4 Qa7
52. Rec3+ Kd5 53. Rb5+ Kd6 54. a5 Qf7+ 55. Ka3 Qf2 56. Rbb3 Qa7 57. Rb6+ Ke5
58. Ka4 Qd7+ 59. Rb5+ Ke6 60. a6 Qd1+ 61. Ka5 Qg1 62. Rbb3 g3 63. Rxg3 Qc5+ 64.
Rb5 Qc7+ 65. Rb6+ Kd5 66. Rc3 Qh7 67. Rb7 Qb1 68. Rb5+ Kd6 69. a7 Qa1+ 70. Kb6
Qg1+ 71. Kb7 Kd7 72. Rd3+ Ke7 73. a8=Q Qh1+ 74. Rbd5 1-0

[Event "Futurity V"]
[Site "Montreal CAN"]
[Date "2004.01.02"]
[Round "6"]
[White "Yudasin, Leonid"]
[Black "Hua, Lefong"]
[Result "1/2-1/2"]
[WhiteElo "2586"]
[BlackElo "2372"]
[PlyCount "35"]
[EventDate "2003.12.26"]
[EventType "schev"]
[EventRounds "10"]
[EventCountry "CAN"]

1. e4 c5 2. Nf3 e6 3. d3 d6 4. g3 Nf6 5. Bg2 Be7 6. O-O Qc7 7. Nbd2 b6 8. Re1
Bb7 9. c3 Nbd7 10. d4 cxd4 11. cxd4 Rc8 12. a3 O-O 13. Bf1 a6 14. Bd3 Qb8 15.
Qe2 Qa8 16. Nf1 e5 17. Bg5 h6 18. dxe5 1/2-1/2

[Event "Futurity V"]
[Site "Montreal CAN"]
[Date "2004.01.03"]
[Round "7"]
[White "Charbonneau, Anne-Marie"]
[Black "Prahov, Valentin"]
[Result "0-1"]
[WhiteElo "2032"]
[BlackElo "2234"]
[PlyCount "96"]
[EventDate "2003.12.26"]
[EventType "schev"]
[EventRounds "10"]
[EventCountry "CAN"]

1. d4 c5 2. d5 e6 3. c4 exd5 4. cxd5 d6 5. Nc3 g6 6. e4 a6 7. a4 Bg7 8. h3 Ne7
9. Nf3 O-O 10. Bd3 f5 11. O-O Nd7 12. Ng5 Ne5 13. Bc2 f4 14. Nf3 h6 15. Nxe5
Bxe5 16. f3 b6 17. Ne2 g5 18. Rb1 a5 19. Bd2 Ng6 20. Bc3 Ra7 21. Bxe5 Nxe5 22.
b3 Ba6 23. Rf2 Rg7 24. Nc1 h5 25. Nd3 Bxd3 26. Bxd3 g4 27. hxg4 hxg4 28. Kf1
gxf3 29. gxf3 Rg3 30. Ke2 Qf6 31. Qc2 Rf7 32. Rh1 Rh7 33. Rxh7 Kxh7 34. Qd1 Kg6
35. Bb5 Qh8 36. Qc1 Kg5 37. Qc3 Qh1 38. Bc4 Qg1 39. Qe1 Qxe1+ 40. Kxe1 Nxf3+
41. Kf1 Kf6 42. Ke2 Nd4+ 43. Kd2 Ke5 44. Bd3 Nxb3+ 45. Kc2 Nd4+ 46. Kc3 Nf3 47.
Kc4 Ng5 48. Bc2 f3 0-1

[Event "Futurity V"]
[Site "Montreal CAN"]
[Date "2004.01.03"]
[Round "7"]
[White "Masse, Hugues"]
[Black "Yudasin, Leonid"]
[Result "0-1"]
[WhiteElo "2214"]
[BlackElo "2586"]
[PlyCount "84"]
[EventDate "2003.12.26"]
[EventType "schev"]
[EventRounds "10"]
[EventCountry "CAN"]

1. d4 Nf6 2. c4 e6 3. Nc3 Bb4 4. Qc2 c5 5. dxc5 Qc7 6. a3 Bxc5 7. b4 Be7 8. Nb5
Qc6 9. Nf3 d6 10. Bb2 a6 11. Nbd4 Qc7 12. e3 b6 13. Be2 Bb7 14. O-O Nbd7 15.
Rac1 O-O 16. Nd2 Rac8 17. Bf3 Bxf3 18. N2xf3 Qb7 19. Qb3 d5 20. cxd5 Nxd5 21.
Rxc8 Rxc8 22. Rc1 Rxc1+ 23. Bxc1 b5 24. Qc2 N7b6 25. Qc6 Qxc6 26. Nxc6 Bd6 27.
Ncd4 Bc7 28. Nb3 Na4 29. h3 Kf8 30. Kf1 Ke7 31. Ke2 f5 32. Kd3 Ndc3 33. Nfd2
Bb6 34. f3 Na2 35. e4 Kd6 36. exf5 exf5 37. Nf1 Nxc1+ 38. Nxc1 Nb2+ 39. Kc3 Nc4
40. a4 Ne3 41. Nxe3 Bxe3 42. axb5 Bxc1 0-1

[Event "Futurity V"]
[Site "Montreal CAN"]
[Date "2004.01.04"]
[Round "8"]
[White "Bolduc, Steve"]
[Black "Hua, Lefong"]
[Result "1-0"]
[WhiteElo "2268"]
[BlackElo "2372"]
[PlyCount "129"]
[EventDate "2003.12.26"]
[EventType "schev"]
[EventRounds "10"]
[EventCountry "CAN"]

1. d4 Nf6 2. c4 c5 3. Nf3 cxd4 4. Nxd4 b6 5. f3 Bb7 6. e4 d6 7. Bd3 a6 8. Be3
Nbd7 9. Bc2 Qc7 10. Nd2 e6 11. O-O Be7 12. b4 O-O 13. Bb3 Rac8 14. a3 Qb8 15.
Qe2 Rfe8 16. Bf2 d5 17. Rfe1 Bd6 18. g3 dxe4 19. Nxe4 Nxe4 20. fxe4 Be5 21.
Rad1 Nf6 22. Nf3 Bc3 23. Nd2 Bxd2 24. Rxd2 Nxe4 25. Rd3 Nxf2 26. Qxf2 Qc7 27.
Red1 Qc6 28. Kf1 Rf8 29. Rd6 Qh1+ 30. Ke2 Qe4+ 31. Kf1 b5 32. c5 Bc6 33. R6d4
Qe5 34. Kg1 g6 35. Re1 Qg5 36. Red1 Kg7 37. Qf4 Qxf4 38. gxf4 Kf6 39. Kf2 Rg8
40. Bc2 h6 41. Rd6 Ke7 42. Ke3 g5 43. f5 g4 44. Be4 Bxe4 45. Kxe4 g3 46. hxg3
Rxg3 47. fxe6 fxe6 48. Rxa6 h5 49. Ra7+ Kf6 50. Rf1+ Kg6 51. Rff7 Rh3 52. Rg7+
Kh6 53. Rh7+ Kg6 54. Rag7+ Kf6 55. Rf7+ Kg6 56. Rhg7+ Kh6 57. Ke5 Rxa3 58. Kxe6
Rb3 59. Rh7+ Kg5 60. Rf5+ Kg6 61. Rhxh5 Re8+ 62. Kd7 Re4 63. c6 Rd4+ 64. Rd5
Rbd3 65. Kd6 1-0

[Event "Futurity V"]
[Site "Montreal CAN"]
[Date "2004.01.04"]
[Round "8"]
[White "Prahov, Valentin"]
[Black "Masse, Hugues"]
[Result "1/2-1/2"]
[WhiteElo "2234"]
[BlackElo "2214"]
[PlyCount "64"]
[EventDate "2003.12.26"]
[EventType "schev"]
[EventRounds "10"]
[EventCountry "CAN"]

1. e4 e5 2. Nf3 Nc6 3. Bc4 Bc5 4. c3 Nf6 5. d4 exd4 6. cxd4 Bb4+ 7. Bd2 Bxd2+
8. Nbxd2 d5 9. exd5 Nxd5 10. Qb3 Na5 11. Qa4+ Nc6 12. Qb3 Na5 13. Qa4+ Nc6 14.
Ne5 O-O 15. Nxc6 Qe8+ 16. Kf1 Nb6 17. Qb5 bxc6 18. Qc5 Nxc4 19. Nxc4 Ba6 20. b3
Qe4 21. h4 Rfd8 22. Re1 Qd5 23. Rh3 Qxc5 24. dxc5 Rd5 25. Rhe3 g6 26. Re8+ Rxe8
27. Rxe8+ Kg7 28. Ra8 Rxc5 29. Rxa7 Bxc4+ 30. bxc4 Rxc4 31. Rxc7 Ra4 32. Rxc6
Rxa2 1/2-1/2

[Event "Futurity V"]
[Site "Montreal CAN"]
[Date "2004.01.04"]
[Round "8"]
[White "Yudasin, Leonid"]
[Black "Bachand-Fleurent, Julien"]
[Result "1-0"]
[WhiteElo "2586"]
[BlackElo "2095"]
[PlyCount "65"]
[EventDate "2003.12.26"]
[EventType "schev"]
[EventRounds "10"]
[EventCountry "CAN"]

1. e4 e6 2. d3 d5 3. Qe2 c6 4. Nf3 Bd6 5. g3 b6 6. Nbd2 Ne7 7. Bg2 f6 8. O-O
Qc7 9. Re1 O-O 10. d4 b5 11. e5 fxe5 12. Nxe5 Bxe5 13. Qxe5 Qxe5 14. Rxe5 Ng6
15. Re2 a5 16. Nb3 Re8 17. Bd2 a4 18. Nc5 Na6 19. Nd3 Bd7 20. h4 Rac8 21. b4
axb3 22. axb3 Ra8 23. Bh3 Nc7 24. Rc1 Ra2 25. h5 Nf8 26. Bf4 Na6 27. Bd6 Bc8
28. Ne5 Nd7 29. Nxc6 Nf6 30. Ne7+ Kh8 31. Nxc8 Rxc8 32. Rxe6 Raxc2 33. h6 1-0

[Event "Futurity V"]
[Site "Montreal CAN"]
[Date "2004.01.05"]
[Round "9"]
[White "Bachand-Fleurent, Julien"]
[Black "Prahov, Valentin"]
[Result "1/2-1/2"]
[WhiteElo "2095"]
[BlackElo "2234"]
[PlyCount "91"]
[EventDate "2003.12.26"]
[EventType "schev"]
[EventRounds "10"]
[EventCountry "CAN"]

1. e4 c5 2. Nc3 Nc6 3. g3 g6 4. Bg2 Bg7 5. d3 d6 6. Be3 Rb8 7. Qd2 b5 8. Nge2
b4 9. Nd1 Nd4 10. O-O h5 11. h3 e6 12. Nc1 Ne7 13. Kh1 Bd7 14. c3 bxc3 15. bxc3
Ndc6 16. f4 Qa5 17. Ne2 O-O 18. Nb2 d5 19. e5 d4 20. Bf2 dxc3 21. Nxc3 Nd5 22.
Rfc1 Nxc3 23. Rxc3 Nxe5 24. d4 Nc6 25. Nc4 Qa4 26. Ne5 Nxd4 27. Rxc5 Bxe5 28.
Rxe5 Nb3 29. axb3 Qxa1+ 30. Re1 Qa3 31. Qxd7 Rxb3 32. Kh2 a5 33. Qc7 Qb2 34.
Bc5 Qc3 35. Re3 Qxe3 36. Bxe3 Rxe3 37. Qxa5 Rc8 38. Qd2 Rcc3 39. Qf2 Red3 40.
Be4 Re3 41. Bg2 Red3 42. g4 h4 43. Qxh4 Rd2 44. Kg1 Rc1+ 45. Kh2 Rcc2 46. Qg3
1/2-1/2

[Event "Futurity V"]
[Site "Montreal CAN"]
[Date "2004.01.05"]
[Round "9"]
[White "Masse, Hugues"]
[Black "Livshits, Ron"]
[Result "0-1"]
[WhiteElo "2214"]
[BlackElo "2462"]
[PlyCount "120"]
[EventDate "2003.12.26"]
[EventType "schev"]
[EventRounds "10"]
[EventCountry "CAN"]

1. d4 Nf6 2. c4 e6 3. Nc3 c5 4. d5 exd5 5. cxd5 Bd6 6. Nf3 Bc7 7. Bg5 d6 8. e3
Nbd7 9. Be2 a6 10. a4 O-O 11. O-O Re8 12. Qc2 Nf8 13. Nd2 h6 14. Bh4 Ng6 15.
Bg3 Rb8 16. e4 Bd7 17. Nc4 Qe7 18. a5 Nxe4 19. Nxe4 Qxe4 20. Bd3 Qxd5 21. Rfd1
Bc6 22. f3 Qg5 23. Nxd6 Bxd6 24. Bxd6 Bxf3 25. Bxb8 Bxd1 26. Rxd1 Rxb8 27. Bxg6
fxg6 28. Qe4 Rf8 29. h3 Kh7 30. Qxb7 Qe3+ 31. Kh1 Qe2 32. Rg1 Rf5 33. Qb3 Qe4
34. Qc3 Qd5 35. b3 Rf2 36. Kh2 Rd2 37. b4 Qd6+ 38. Qg3 cxb4 39. Qxd6 Rxd6 40.
Rb1 Rd4 41. Kg3 g5 42. Kf3 Rc4 43. Rb2 Kg6 44. Ke3 Kf5 45. Kd3 Rc5 46. Rxb4
Rxa5 47. Ke3 Re5+ 48. Kf3 Re7 49. g4+ Ke5 50. Re4+ Kd6 51. Ra4 Ra7 52. Ke4 Kc5
53. Kf5 a5 54. Kg6 Kb5 55. Ra1 a4 56. Rb1+ Kc4 57. Rc1+ Kb3 58. Rh1 a3 59. h4
gxh4 60. Rxh4 a2 0-1

[Event "Futurity V"]
[Site "Montreal CAN"]
[Date "2004.01.05"]
[Round "10"]
[White "Bolduc, Steve"]
[Black "Masse, Hugues"]
[Result "1/2-1/2"]
[WhiteElo "2268"]
[BlackElo "2214"]
[PlyCount "21"]
[EventDate "2003.12.26"]
[EventType "schev"]
[EventRounds "10"]
[EventCountry "CAN"]

1. d4 Nf6 2. c4 g6 3. Nf3 d5 4. cxd5 Nxd5 5. e4 Nb6 6. Nc3 Bg7 7. Be3 O-O 8.
Qd2 Nc6 9. d5 Ne5 10. Bh6 Nec4 11. Qc1 1/2-1/2

[Event "Futurity V"]
[Site "Montreal CAN"]
[Date "2004.01.05"]
[Round "10"]
[White "Livshits, Ron"]
[Black "Bachand-Fleurent, Julien"]
[Result "1-0"]
[WhiteElo "2462"]
[BlackElo "2095"]
[PlyCount "82"]
[EventDate "2003.12.26"]
[EventType "schev"]
[EventRounds "10"]
[EventCountry "CAN"]

1. d4 d5 2. c4 c6 3. Nf3 e6 4. e3 Nf6 5. Nbd2 Nbd7 6. Bd3 Bd6 7. O-O O-O 8. e4
dxe4 9. Nxe4 Nxe4 10. Bxe4 e5 11. Bc2 h6 12. c5 Bc7 13. Qd3 f5 14. Nxe5 Nxe5
15. dxe5 Qxd3 16. Bxd3 Bxe5 17. Bc4+ Kh8 18. Re1 Bd4 19. Be3 Bxb2 20. Rab1 Bc3
21. Red1 Re8 22. h3 Be5 23. Re1 Bc3 24. Red1 Be5 25. Bd4 Bxd4 26. Rxd4 b5 27.
Bf7 Rf8 28. Bb3 f4 29. Re1 f3 30. g4 a5 31. Re3 Ra7 32. Kh2 Rd7 33. Rxd7 Bxd7
34. Kg3 a4 35. Bd1 Re8 36. Rd3 Be6 37. Bxf3 Bxa2 38. Bxc6 Rb8 39. Bd7 b4 40. c6
b3 41. c7 Rg8 1-0

[Event "Futurity V"]
[Site "Montreal CAN"]
[Date "2004.01.05"]
[Round "10"]
[White "Prahov, Valentin"]
[Black "Hua, Lefong"]
[Result "0-1"]
[WhiteElo "2234"]
[BlackElo "2372"]
[PlyCount "110"]
[EventDate "2003.12.26"]
[EventType "schev"]
[EventRounds "10"]
[EventCountry "CAN"]

1. e4 c5 2. Nf3 e6 3. d4 cxd4 4. Nxd4 a6 5. Bd3 Nf6 6. Be3 Qc7 7. a3 Nc6 8. Nc3
Bd6 9. h3 b5 10. Qd2 O-O 11. Rd1 b4 12. axb4 Bxb4 13. O-O Nxd4 14. Bxd4 e5 15.
Be3 Bb7 16. Nb5 Qa5 17. c3 Be7 18. b4 Qd8 19. Na3 Bxe4 20. Nc4 Qc7 21. Nb6 Rad8
22. Bxa6 d5 23. Na4 d4 24. cxd4 Bxg2 25. Kxg2 Qc6+ 26. Kg1 Qxa4 27. Ra1 Qd7 28.
dxe5 Qxh3 29. exf6 Rxd2 30. fxe7 Qg4+ 31. Kh2 Qh4+ 32. Kg1 Qg4+ 33. Kh2 Rd5 34.
exf8=Q+ Kxf8 35. Ra5 Rh5+ 36. Rxh5 Qxh5+ 37. Kg3 Qg6+ 38. Kf3 Qc6+ 39. Kf4 Qf6+
40. Ke4 Qxa6 41. Bc5+ Ke8 42. Rg1 Qe2+ 43. Kd5 Kd7 44. Rg3 h5 45. Ra3 Qd2+ 46.
Kc4 Qc2+ 47. Kd5 Qf5+ 48. Kc4 Qe4+ 49. Kb5 Qc6+ 50. Kc4 h4 51. Rd3+ Kc7 52. b5
Qe6+ 53. Kb4 h3 54. f3 h2 55. Rd1 Qh6 0-1

[Event "Futurity V"]
[Site "Montreal CAN"]
[Date "2004.01.05"]
[Round "10"]
[White "Yudasin, Leonid"]
[Black "Charbonneau, Anne-Marie"]
[Result "1-0"]
[WhiteElo "2586"]
[BlackElo "2032"]
[PlyCount "73"]
[EventDate "2003.12.26"]
[EventType "schev"]
[EventRounds "10"]
[EventCountry "CAN"]

1. e4 c5 2. g3 e6 3. Bg2 Nc6 4. Ne2 d6 5. c3 Nf6 6. d4 cxd4 7. cxd4 Be7 8. Nbc3
a6 9. O-O O-O 10. h3 Rb8 11. Kh2 Qd7 12. Be3 b5 13. d5 Ne5 14. b3 Bb7 15. Rc1
Rbc8 16. Qd4 exd5 17. Nxd5 Nxd5 18. exd5 Bf6 19. Qd2 Rxc1 20. Rxc1 Rc8 21. Nd4
Rc7 22. Rxc7 Qxc7 23. Nc6 Qd7 24. Qc2 Bc8 25. Nd4 Ng6 26. Nc6 Ne5 27. a4 bxa4
28. bxa4 h6 29. a5 Bb7 30. Qe4 Ng6 31. Bd4 Bxd4 32. Qxd4 Bc8 33. Qb6 f6 34. Nb8
Qb7 35. Qxd6 Ne5 36. Nc6 Nf7 37. Qc5 1-0

[Event "Game a Month op"]
[Site "Winnipeg CAN"]
[Date "2003.03.30"]
[Round "1"]
[White "Babb, Jeff"]
[Black "Taylor, Jasper"]
[Result "1-0"]
[WhiteElo "2171"]
[BlackElo "1483"]
[PlyCount "65"]
[EventDate "2003.03.30"]
[EventType "swiss"]
[EventRounds "2"]
[EventCountry "CAN"]
[Source "ChessBase"]
[SourceDate "2003.11.25"]

1. e4 c6 2. d3 d5 3. Nd2 dxe4 4. dxe4 Nf6 5. Ngf3 Bg4 6. Bc4 Bxf3 7. Qxf3 e6 8.
a4 Bd6 9. O-O O-O 10. Qe2 Nbd7 11. f4 Bc5+ 12. Kh1 Re8 13. g4 h6 14. c3 a5 15.
Nb3 Be7 16. Bd2 Nc5 17. Nxc5 Bxc5 18. Rad1 Qc7 19. h4 Rad8 20. g5 hxg5 21. hxg5
Nd7 22. Kg2 Kf8 23. Rh1 Ke7 24. Rh7 Rg8 25. Rf1 Rdf8 26. Be1 g6 27. Qg4 Ke8 28.
Bg3 Qd8 29. Rd1 Qe7 30. Bxe6 Qxe6 31. Qxe6+ fxe6 32. Rhxd7 Bb6 33. Rxb7 1-0